Central Library OPAC University of Rajshahi

Bilogical Control of Tetranychus Urticae Koch (Acari: Tetranychidae) Using Phytoseiulus Persimilis Athias-Henriot (Acari: phytoseiidae) / (Record no. 83773)

MARC details
000 -LEADER
fixed length control field 01027nam a2200241 a 4500
001 - CONTROL NUMBER
RUCL Control Number 83773
003 - CONTROL NUMBER IDENTIFIER
rucl marc code BD-RjUL
005 - DATE AND TIME OF LATEST TRANSACTION
control field 20240519110637.0
008 - FIXED-LENGTH DATA ELEMENTS--GENERAL INFORMATION
fixed length control field 240519s2008 bg a|||| m||| 00| 0 eng d
035 ## - SYSTEM CONTROL NUMBER
system control number (BD-RjUL)83773
040 ## - CATALOGING SOURCE
Original cataloging agency BD-RjUL
Language of cataloging eng
Transcribing agency BD-RjUL
Modifying agency BD-RjUL
082 ## - DEWEY DECIMAL CLASSIFICATION NUMBER
DDC Edition number 23
Classification number 595.42
Author mark and Year HOB 2008
100 ## - MAIN ENTRY--PERSONAL NAME
Personal name Hoque, Md. Fazlul
9 (RLIN) 4819
245 10 - TITLE STATEMENT
Title Bilogical Control of Tetranychus Urticae Koch (Acari: Tetranychidae) Using Phytoseiulus Persimilis Athias-Henriot (Acari: phytoseiidae) /
Statement of responsibility, etc By Md. Fazlul Hoque ;
Name of Supervisor/Co-Supervisor Supervisor : M. Khalequzzaman, Supervisor : Md. Wahedul Islam
260 ## - PUBLICATION, DISTRIBUTION, ETC. (IMPRINT)
Place of publication, distribution, etc Rajshahi :
Name of publisher, distributor, etc Institute of Biological Sciences, University of Rajshahi,
Date of publication, distribution, etc 2008
300 ## - PHYSICAL DESCRIPTION
Pagination iv, 211, lviii :
Other physical details ill, ;
Dimensions 29 cm.
502 ## - DISSERTATION NOTE
Dissertation note Thesis (Ph. D.) -- Institute of Biological Sciences, University of Rajshahi, 2008
504 ## - BIBLIOGRAPHY, ETC. NOTE
Bibliography, etc References : Leaves [149]-211
650 ## - SUBJECT ADDED ENTRY--TOPICAL TERM
Topical term or geographic name as entry element Arthropoda
Form subdivision Acari
9 (RLIN) 13066
700 ## - ADDED ENTRY--SUPERVISOR/CO-SUPERVISOR NAME
Personal name Khalequzzaman, M. Supervisor
9 (RLIN) 4602
Personal name Islam, Md. Wahedul, Supervisor
9 (RLIN) 3105
942 ## - ADDED ENTRY ELEMENTS (KOHA)
Source of classification or shelving scheme Dewey Decimal Classification
Koha item type Theses
Holdings
Source of classification or shelving scheme Damaged status Not for loan Collection code Permanent Location Current Location Shelving location Date of accession Source of acquisition Total Checkouts Full call number Barcode Date last seen Copy number Thesis
Dewey Decimal Classification   Not For Loan Theses Central Library, University of Rajshahi Central Library, University of Rajshahi Documentation Section 12/08/2009 Controller of Exam. R. U.   THE 595.42 HOB 2008 D2991 19/05/2024 C-I Theses